| 000 | 00716cac a22002171u 4500 | ||
|---|---|---|---|
| 090 | _c3855 | ||
| 008 | 081204t 1997xxu||||| |||| 00| 0 eng d | ||
| 010 | _a008061887 | ||
| 020 | _a0471056014 (alk. paper) | ||
| 082 |
_a657.96 _bRAD |
||
| 100 | _aRadebaugh, Lee H. | ||
| 245 |
_aInternational accounting and multinational enterprises _c/ Lee H. Radburgh, Sidney J. Gray. |
||
| 250 | _a4th ed. | ||
| 260 |
_aNew York ; _bChichester : John Wiley & Sons, _cc1997. |
||
| 300 |
_axiv, 696p. : _bill. ; _c26cm. |
||
| 500 | _aPrevious ed.: 1993. | ||
| 500 | _aIncludes bibliographical references and indexes. | ||
| 650 | _aComparative accounting. | ||
| 700 | _aGray, S. J. | ||
| 942 |
_cBB _k657.96 RAD _2ddc |
||
| 999 |
_c3855 _d3855 |
||